1761 1537 1239 1318 1825 1551 1382 1074 1313 1018 1626 1702 1258 1421 1233 1311 1215 1849 1926 1805 1943 1302 1732 1118 1231 1844 1386 1989 1275 1284 1220 1504 1444 1891 1520 1119 1049 1786 1799 1826 1041 1887 1215 1071 1284 2000 1951 1941 1856 1765 1526 1838 1305 1356 1528 1134 1851 1998 1897 1556 1424 1686 1058 1770 1457 1290 1418 1558 1752 1829 1096 1851 1985 1012 1917 1061 1124 1715 1373 1098 1019 1813 1517 1162 1285 1549 1954 1329 1246 1820 1911 1503 1628 1219 1704 1832 1706 1162 1016 BCNSPRNW ULIB Ver.6.0+V

เปลี่ยนเป็นภาษาไทย

Change to English
 แสดงรายละเอียดบรรณานุกรม
  กลับหน้าหลัก

Brief Record : Get Marc (ISO 2709) : E-mail record : QR code < ปิดหน้าต่าง
LEADER : 00000nam 2200000uu 4500
001    13399114743
003     ULIB
008    120511s2552||||th 000 0 tha d
099    ^aวจ.LB1060^bบ611ก
100    ^aบุญสืบ โสโสม
245    ^aกระบวนการพัฒนาวิธีการสอนรายวิชา วิจัยทางการพยาบาล หลักสูตรพยาบาลศาสตร์บัณฑิต:กรณีศึกษาวิทยาลัยพยาบาลบรมราชชนนี พระพุทธบาท /^cบุญสืบ โสโสม จีระวรรณ์ อุคคกิมาพันธุ์ และสุภมาส อดิการกุล
260    ^aสระบุรี :^bวิทยาลัยพยาบาลบรมราชชนี พระพุทธบาท,^c2552
300    ^a54 หน้า
650  7 ^aการเรียนรู้^xวิจัย
650  7 ^aรูปแบบการเรียนรู้^xวิจัย
700 0  ^aจีระวรรณ์ อุคคกิมาพันธุ์
700 0  สุภมาศ อดิการกุล
710 1  ^aวิทยาลัยพยาบาลบรมราชชนี พระพุทธบาท
945    ^p0^l0^i031743
995    ^aเกษร
999    ^aใช้งานได้ทุกระบบ
รายการนี้ยังไม่มีแท็ก
คุณยังไม่ได้ล็อกอิน คุณสามารถมีกิจกรรมร่วมกับเว็บไซต์ได้ แต่ต้องล็อกอินก่อน ::
  ล็อกอิน

รายการสื่อสารสนเทศ

ลำดับที่ ประเภท เลขเรียก/บาร์โค้ด สถานที่ สถานะ
- ไม่พบข้อมูล -

BibComment


ยังไม่เคยถูกคอมเมนท์

คอมเมนท์ทรัพยากรรายการนี้
  คอมเมนท์: กระบวนการพัฒนาวิ..


 Copyright 2026. Bcnsprnw @Library